000 00226nam a22000857a 4500
008 161017b xxu||||| |||| 00| 0 eng d
100 _9878
_aChopra,R.K.
245 _aArt Education: Teachers H.B- IV
260 _aNew Delhi
_bNCERT
_c1992
999 _c3529
_d3529